000
00183 a2200097 4500
020
_a
1572575891
041
_a
spa
100
_a
Bacon, Ron
245
_a
El sombrero magico
942
_c
BK
999
_c
31950
_d
31948